Donghy Phat / (Record no. 524443)

000 -LEADER
fixed length control field 00591nam a22001817a 4500
003 - CONTROL NUMBER IDENTIFIER
control field NUST
038 ## - RECORD CONTENT LICENSOR
Staff Name Waseem
082 ## - DEWEY DECIMAL CLASSIFICATION NUMBER
Classification number 891.421
Author Mark CHI
100 ## - MAIN ENTRY--PERSONAL NAME
Personal name Chishti, Muhammad Aslam Taalib
9 (RLIN) 15261
245 ## - TITLE STATEMENT
Title Donghy Phat /
Statement of responsibility, etc. Muhammad Aslam Taalib Chishti
260 ## - PUBLICATION, DISTRIBUTION, ETC.
Place of publication, distribution, etc. Mandi Bahaodin :
Name of publisher, distributor, etc. Daim Iqbal academy,
Date of publication, distribution, etc. 2004.
300 ## - PHYSICAL DESCRIPTION
Extent 160 p. ;
500 ## - GENERAL NOTE
General note Hard cover.
880 ## - ALTERNATE GRAPHIC REPRESENTATION
Linkage 100-01\r
Title محمد اسلم طالب چشتی
880 ## - ALTERNATE GRAPHIC REPRESENTATION
Linkage 245-02\r
Title ڈونگھے پھٹ /
880 ## - ALTERNATE GRAPHIC REPRESENTATION
Linkage 260-03\r
Title منڈی بہاؤالدین :
b دائم اقبال اکیڈمی,
c ۲۰۰۴.
942 ## - ADDED ENTRY ELEMENTS (KOHA)
Source of classification or shelving scheme
Koha item type Book
Holdings
Withdrawn status Lost status Source of classification or shelving scheme Damaged status Not for loan Permanent Location Current Location Date acquired Total Checkouts Total Renewals Full call number Barcode Date last seen Date last checked out Price effective from Koha item type
          Central Library (CL) Central Library (CL) 06/21/2019 1 1 891.421 CHI CL-E-839 10/09/2019 09/16/2019 06/21/2019 Book
© 2023 Central Library, National University of Sciences and Technology. All Rights Reserved.